[Event "Commonwealth-ch"]
[Site "Mumbai"]
[Date "2004.01.14"]
[Round "5"]
[White "Syed, Nabeela Farheen"]
[Black "Visweswaran, Kameswaran"]
[Result "0-1"]
[WhiteElo "2083"]
[BlackElo "2325"]
[PlyCount "106"]
[EventDate "2004.01.10"]
[EventType "swiss"]
[EventRounds "9"]
[EventCountry "IND"]
[SourceTitle "EXT 2006"]
[Source "ChessBase"]
[SourceDate "2005.11.24"]
[SourceVersion "1"]
[SourceVersionDate "2005.11.24"]
[SourceQuality "1"]

1. e4 c5 2. Nf3 d6 3. d4 cxd4 4. Nxd4 Nf6 5. Nc3 a6 6. Be2 e5 7. Nb3 Be7 8. 0-0 0-0 9. Kh1 b6 10. f4 Bb7 11. Bf3 Nbd7 12. Qe1 Rc8 13. Be3 b5 14. a3 Re8 15. Rd1 Qc7 16. f5 Bf8 17. Qh4 Nb6 18. g4 d5 19. Bxb6 Qxb6 20. g5 dxe4 21. Bg2 Rxc3 22. bxc3 Nd5 23. Qxe4 Rd8 24. Rd3 Ba8 25. Qxe5 Bd6 26. Qe1 Nf4 27. Rxf4 Bxg2+ 28. Kxg2 Bxf4 29. Nd4 Bxg5 30. Nf3 Bf6 31. Qe4 h6 32. Nd4 Rc8 33. Ne2 Qc5 34. Qf3 Re8 35. Nf4 Qxf5 36. Nd5 Qg5+ 37. Kf2 Qh4+ 38. Kg2 Be5 39. h3 Qg5+ 40. Kf2 Bb8 41. Ne3 Ba7 42. Ke2 Bxe3 43. Rxe3 Qxe3+ 44. Qxe3 Rxe3+ 45. Kxe3 Kf8 46. c4 bxc4 47. Kd4 f5 48. Kxc4 g5 49. Kd4 Ke7 50. Ke3 Kd6 51. Kd4 g4 52. hxg4 fxg4 53. Ke4 Kc5 0-1

[Event "Commonwealth-ch"]
[Site "Mumbai"]
[Date "2003.04.26"]
[Round "9"]
[White "Rathnakaran, Kantholi"]
[Black "Visweswaran, Kameswaran"]
[Result "1/2-1/2"]
[WhiteElo "2390"]
[BlackElo "2328"]
[PlyCount "106"]
[EventDate "2003.04.20"]
[EventType "swiss"]
[EventRounds "10"]
[EventCountry "IND"]
[SourceTitle "CBM 093 Extra"]
[Source "ChessBase"]
[SourceDate "2003.05.09"]
[SourceVersion "1"]
[SourceVersionDate "2003.05.09"]
[SourceQuality "1"]

1. e4 c5 2. Nf3 d6 3. Bb5+ Nd7 4. c3 Ngf6 5. d3 a6 6. Ba4 g6 7. 0-0 Bg7 8. Re1 0-0 9. d4 b5 10. Bc2 e5 11. a4 Bb7 12. dxe5 dxe5 13. axb5 axb5 14. Rxa8 Qxa8 15. Na3 Bc6 16. Qe2 c4 17. Bg5 Re8 18. Nd2 Nc5 19. Qe3 Nfd7 20. h4 Ne6 21. Bh6 Nf6 22. Bxg7 Kxg7 23. f3 Rd8 24. g3 Nd7 25. Ra1 Qb8 26. b3 cxb3 27. Nxb3 Qd6 28. Qd3 Qb8 29. Qe3 Rc8 30. Nb1 Nb6 31. N3d2 Be8 32. Bd3 Na4 33. Bf1 Qc7 34. Bh3 Bd7 35. Ra3 Qd6 36. Bf1 Nec5 37. Ra2 h6 38. Rc2 Ne6 39. Rc1 Qc7 40. Nb3 Nec5 41. Na1 Qa5 42. Nd2 Be6 43. f4 Nd7 44. Nab3 Bxb3 45. Nxb3 Qa6 46. Bh3 Rc7 47. fxe5 Nxe5 48. Qd4 f6 49. Kg2 Rc4 50. Qe3 Qa8 51. Nd2 Rc7 52. Be6 Qa7 53. Qxa7 Rxa7 1/2-1/2

[Event "Commonwealth-ch"]
[Site "Mumbai"]
[Date "2003.04.25"]
[Round "8"]
[White "Visweswaran, Kameswaran"]
[Black "Sriram, Jha"]
[Result "0-1"]
[WhiteElo "2328"]
[BlackElo "2451"]
[PlyCount "88"]
[EventDate "2003.04.20"]
[EventType "swiss"]
[EventRounds "10"]
[EventCountry "IND"]
[SourceTitle "CBM 093 Extra"]
[Source "ChessBase"]
[SourceDate "2003.05.09"]
[SourceVersion "1"]
[SourceVersionDate "2003.05.09"]
[SourceQuality "1"]

1. e4 c5 2. Nf3 e6 3. d4 cxd4 4. Nxd4 a6 5. Nc3 b5 6. Bd3 Qb6 7. Nb3 Qc7 8. 0-0 d6 9. f4 Nd7 10. Be3 Ngf6 11. a3 Be7 12. Qf3 Bb7 13. Qg3 0-0 14. Rae1 e5 15. Qh3 Rfe8 16. Kh1 Rac8 17. Bd2 Bf8 18. fxe5 dxe5 19. Bg5 b4 20. axb4 Bxb4 21. Bd2 Nf8 22. Bg5 Bxc3 23. bxc3 N6d7 24. c4 a5 25. Ra1 Ra8 26. Qf3 f6 27. Be3 a4 28. Nd2 Nc5 29. Rfb1 Nfe6 30. Ra3 Reb8 31. Rba1 Bc6 32. Nb1 Nd4 33. Bxd4 exd4 34. Nd2 Qe5 35. Qe2 Re8 36. h3 f5 37. Nf3 Qf4 38. Nxd4 fxe4 39. Nxc6 exd3 40. Qh5 d2 41. Ne7+ Rxe7 42. Qd5+ Qf7 43. Qxa8+ Re8 44. Qa5 Ne4 0-1

[Event "Commonwealth-ch"]
[Site "Mumbai"]
[Date "2003.04.23"]
[Round "5"]
[White "Visweswaran, Kameswaran"]
[Black "Meera, Sai Ravi"]
[Result "1-0"]
[WhiteElo "2328"]
[BlackElo "2157"]
[PlyCount "59"]
[EventDate "2003.04.20"]
[EventType "swiss"]
[EventRounds "10"]
[EventCountry "IND"]
[SourceTitle "CBM 093 Extra"]
[Source "ChessBase"]
[SourceDate "2003.05.09"]
[SourceVersion "1"]
[SourceVersionDate "2003.05.09"]
[SourceQuality "1"]

1. e4 e5 2. Nf3 Nc6 3. Bb5 a6 4. Ba4 Nf6 5. 0-0 Nxe4 6. d4 b5 7. Bb3 d5 8. dxe5 Be6 9. Nbd2 Nc5 10. c3 Bg4 11. h3 Nxb3 12. Nxb3 Bh5 13. Re1 Be7 14. a4 b4 15. Nbd4 Nxd4 16. cxd4 c5 17. dxc5 Bxc5 18. a5 d4 19. Qa4+ Kf8 20. Ng5 Qd5 21. Bd2 Rb8 22. Rac1 Bg6 23. e6 Be7 24. exf7 Bxg5 25. Bxg5 Be4 26. Bf4 Rb5 27. Rc8+ Kxf7 28. Rxh8 Bxg2 29. Qc2 Rc5 30. Qxh7 1-0

[Event "Dubai op"]
[Site "Dubai"]
[Date "2002.04.25"]
[Round "9"]
[White "Visweswaran, Kameswaran"]
[Black "Othman, A Moussa"]
[Result "0-1"]
[WhiteElo "2303"]
[BlackElo "2367"]
[PlyCount "88"]
[EventDate "2002.04.15"]
[EventType "swiss"]
[EventRounds "9"]
[EventCountry "UAE"]
[SourceTitle "CBM 087 Extra"]
[Source "ChessBase"]
[SourceDate "2002.05.03"]
[SourceVersion "2"]
[SourceVersionDate "2002.08.09"]
[SourceQuality "1"]

1. e4 d6 2. d4 Nf6 3. Nc3 g6 4. f4 Bg7 5. Nf3 c5 6. Bb5+ Bd7 7. e5 Ng4 8. Bxd7+ Qxd7 9. d5 dxe5 10. h3 e4 11. Nxe4 Nf6 12. Nxf6+ Bxf6 13. 0-0 0-0 14. Be3 Rd8 15. c4 e6 16. Ne5 Qc7 17. Qf3 exd5 18. cxd5 Nd7 19. Ng4 Bxb2 20. Rad1 f5 21. Nf2 Bg7 22. g4 Qd6 23. gxf5 gxf5 24. Kh2 Kh8 25. Rg1 Bf6 26. Qh5 Re8 27. Bc1 Bd4 28. Qxf5 Bxf2 29. Bb2+ Bd4 30. Rxd4 Re2+ 31. Kh1 Rxb2 32. Re4 Rf8 33. Qg4 Qg6 34. Qe6 Qxe6 35. dxe6 Nf6 36. e7 Re8 37. Re6 Rb6 38. Re5 Rc6 39. Rd1 Kg7 40. Rg1+ Kf7 41. f5 Rxe7 42. Rxe7+ Kxe7 43. Rg7+ Kd6 44. Rxb7 c4 0-1

[Event "Dubai op"]
[Site "Dubai"]
[Date "2002.04.23"]
[Round "7"]
[White "Hussan, Mohamed Seif"]
[Black "Visweswaran, Kameswaran"]
[Result "0-1"]
[WhiteElo "2152"]
[BlackElo "2303"]
[PlyCount "64"]
[EventDate "2002.04.15"]
[EventType "swiss"]
[EventRounds "9"]
[EventCountry "UAE"]
[SourceTitle "CBM 087 Extra"]
[Source "ChessBase"]
[SourceDate "2002.05.03"]
[SourceVersion "2"]
[SourceVersionDate "2002.08.09"]
[SourceQuality "1"]

1. e4 c5 2. d3 Nc6 3. f4 g6 4. Nc3 Bg7 5. Be2 d6 6. Nf3 e6 7. Be3 Nd4 8. Qd2 Bd7 9. Bd1 Ne7 10. 0-0 0-0 11. Qf2 Nec6 12. Rb1 f5 13. Ne2 fxe4 14. dxe4 e5 15. Qg3 Nxf3+ 16. Rxf3 Nd4 17. Rf2 Bc6 18. Nc3 Qe7 19. Be2 Nxe2+ 20. Rxe2 Rae8 21. Rd1 exf4 22. Bxf4 Bd4+ 23. Be3 Be5 24. Qe1 b5 25. Nd5 Bxd5 26. Rxd5 Bxb2 27. Bg5 Bf6 28. Bh6 Rf7 29. h3 Bd4+ 30. Kh1 Qf6 31. Kh2 Be5+ 32. g3 g5 0-1